Paroles L'amour en solitaire - Juliette Armanet - Statistiques

Statistiques générales
  • Ce quiz a été pris 33 fois
  • Le résultat moyen est 153 sur 206
Statistiques - réponses
Paroles % Correct
A
100%
la
100%
ma
100%
Solo
100%
solo
100%
dans
96%
je
96%
Je
96%
le
96%
mon
96%
Te
96%
alter
93%
en
93%
l'amour
93%
93%
93%
solitaire
93%
les
89%
des
85%
sur
85%
ces
81%
es-tu
81%
et
81%
mélo
81%
l'eau
78%
peau
78%
plage
78%
prends
78%
c'est
74%
C'est
74%
désert
74%
héros
74%
J'me
74%
joue
74%
nuages
74%
terre
74%
tricot
74%
moi
70%
rodéo
70%
traverse
70%
drague
67%
mégot
63%
Pour
63%
tout
63%
bière
59%
deux
59%
Mais
59%
mère
59%
pas
59%
père
59%
Reviens
59%
reviens
59%
t'étais
59%
chouette
56%
île
56%
matelots
56%
mets
56%
ta
56%
tellement
56%
toi
56%
un
56%
Un
56%
veux
56%
voiles
56%
dommage
52%
Plus
52%
plus
52%
point
52%
cigarettes
48%
retrouver
48%
voir
48%
fête
44%
fragile
44%
gueule
44%
j'fais
44%
naufrage
44%
qu'à
44%
D'fumer
41%
l'bateau
41%
Sans
41%
coquillage
37%
fil
37%
grave
37%
j'danse
37%
tiens
37%
toutes
37%
traverser
37%
flou
33%
j'devenais
33%
j'peux
33%
J'ramasse
33%
slow
33%
flots
30%
fous
30%
gueules
30%
j'm'en
30%
l'fond
30%
miroir
30%
j'm'enroule
22%
Aucun quiz correspondant
Distribution des résultats
% des personnes avec chaque résultat
Percentile par nombre de réponses
Votre historique - résultats
Vous n’avez pas pris ce quiz